Fisiopatología médica: una introducción a la medicina clínica

Guardat en:
Dades bibliogràfiques
Autors principals: McPhee, Stephen J. (autor), Lingappa, Vishwanath R (Autor), Ganong, William Francis (Autor), Lange, Jack D (Autor)
Format: Llibre
Idioma:espanyol
Publicat: Ciudad de México El Manual Moderno 2000
Edició:2a. ed
Matèries:
Etiquetes: Afegir etiqueta
Sense etiquetes, Sigues el primer a etiquetar aquest registre!

MARC

LEADER 00000nam a2200000 a 4500
001 UCO6478
003 CL-VaPUC
008 001020e20000000MX |||||||||||||||||spa|d
082 0 4 |a 616.07  |b MCP  |2 21 
100 |a McPhee, Stephen J.  |e autor  |9 553515 
700 0 |a Lingappa, Vishwanath R  |e author  |9 451088 
700 |a Ganong, William Francis  |e author  |9 574663 
700 0 |a Lange, Jack D  |e author  |9 451090 
245 1 0 |a Fisiopatología médica: una introducción a la medicina clínica 
250 |a 2a. ed 
300 |a 688 p 
942 |c BK 
945 |d 20001020 00:00:00  |a cmena 
260 |a Ciudad de México  |b El Manual Moderno  |c 2000 
650 0 |a Medicina clínica   |9 328118 
650 7 |a PATOLOGIAS  |2 CL-VaPUC  |9 383116 
650 0 |a Enfermedades genéticas  |9 451091 
650 0 |a Enfermedades infecciosas  |9 337719 
650 7 |a TUMORES  |2 CL-VaPUC  |9 415301 
650 0 |a Enfermedades respiratorias  |9 411174 
650 7 |a ENFERMEDADES CARDIOVASCULARES  |2 CL-VaPUC  |9 307383 
650 7 |a ENFERMEDADES DIGESTIVAS  |2 CL-VaPUC  |9 451092 
650 7 |a ENFERMEDADES RENALES  |2 CL-VaPUC  |9 451093 
650 0 |a Enfermedades de la sangre  |9 341871 
650 7 |a ENFERMEDADES DE LA PIEL  |2 CL-VaPUC  |9 334737 
650 7 |a ENFERMEDADES DEL SISTEMA NERVIOSO  |2 CL-VaPUC  |9 269801 
650 7 |a ENFERMEDADES GINECOLOGICAS  |2 CL-VaPUC  |9 374220 
583 |a last modification  |c 20001020 00:00:00  |k Rodrigo Vera 
999 |c 291972  |d 291970 
952 |0 0  |1 0  |4 0  |6 616_070000000000000_MCP_2000  |7 0  |8 A  |9 342335  |a BIBCUR  |b BIBCUR  |d 2019-11-20  |i 3657957  |l 1  |o 616.07 MCP 2000  |p 3657957  |r 2025-04-22  |s 2025-04-01  |w 2019-11-20  |y BK  |k KIN 
952 |0 0  |1 0  |4 0  |6 616_070000000000000_MCP_2000  |7 0  |8 A  |9 342336  |a BIBCUR  |b BIBCUR  |d 2019-11-20  |i 3657965  |o 616.07 MCP 2000  |p 3657965  |r 2025-04-22  |w 2019-11-20  |y BK  |k KIN 
952 |0 0  |1 0  |4 0  |6 616_070000000000000_MCP_2000  |7 0  |8 A  |9 342337  |a BIBCUR  |b BIBCUR  |d 2019-11-20  |i 3657973  |l 3  |o 616.07 MCP 2000  |p 3657973  |r 2025-04-22  |s 2025-04-01  |w 2019-11-20  |y BK  |k KIN 
952 |0 0  |1 0  |4 0  |6 616_070000000000000_MCP_2000  |7 0  |8 A  |9 342338  |a BIBCUR  |b BIBCUR  |d 2019-11-20  |i 3657981  |l 1  |o 616.07 MCP 2000  |p 3657981  |r 2025-04-22  |s 2023-03-17  |w 2019-11-20  |y BK  |k KIN 
952 |0 0  |1 0  |4 0  |6 616_070000000000000_MCP_2000  |7 0  |8 A  |9 342339  |a BIBCUR  |b BIBCUR  |d 2019-11-20  |i 365799K  |l 2  |o 616.07 MCP 2000  |p 365799K  |r 2025-04-22  |s 2025-04-01  |w 2019-11-20  |y BK  |k KIN